Elenca la formazione - Finale UEFA Europa League 2011-2012 - Statistics

Statistiche generali
  • Questo quiz è stato fatto 17 volte
  • Il punteggio medio è 11 su 22
Statistiche sulle risposte
Ruolo Nazione Calciatore % Corretto
Portiere Belgio Thibaut Courtois
100%
Difensore Utruguay Diego Godín
93%
Difensore Brasile Filipe Luís
93%
Centrocampista Spagna Gabi
93%
Difensore Spagna Juanfran
93%
Ala Turchia Arda Turan
86%
Difensore Brasile Miranda
86%
Attaccante Colombia Radamel Falcao
79%
Centrocampista Spagna Iker Muniain
57%
Trequartista Brasile Diego
50%
Attaccante 9Spagna Fernando Llorente
50%
Difensore Spagna Javi Martínez
43%
Difensore Venezuela Fernando Amorebieta
36%
Centrocampista Spagna Óscar de Marcos
36%
Ala Spagna Adrián Lopez
21%
Centrocampista Spagna Markel Susaeta
21%
Centrocampista Spagna Ander Herrera
14%
Mediano Spagna Ander Iturraspe
14%
Portiere Spagna Gorka Iraizoz
14%
Centrocampista Spagna Mario Suárez
14%
Difensore Spagna Jon Aurtenetxe
7%
Difensore Spagna Andoni Iraola Captain
0%
Nessun quiz corrispondente trovato
Distribuzione punteggi
Percentuale di utenti per punteggio
Percentile per numero di risposta
I tuoi punteggi nel tempo
Non hai fatto questo quiz